A. WESLEY POWELL LEARNING RESOURCE CENTRE (WPLRC)

Wonderful Place to Learn, Research & Collaborate

Manley, farewell : (Record no. 7404)

MARC details
000 -LEADER
fixed length control field 00962cam a2200265 a 4500
001 - ACCESSION NUMBER
control field 734484
003 - CONTROL NUMBER IDENTIFIER
control field OSt
005 - DATE AND TIME OF LATEST TRANSACTION
control field 20170714143350.0
008 - FIXED-LENGTH DATA ELEMENTS--GENERAL INFORMATION
fixed length control field 980709s1997 jm a 000 0deng
020 ## - INTERNATIONAL STANDARD BOOK NUMBER
International Standard Book Number 9768138602
040 ## - CATALOGING SOURCE
Original cataloging agency ddc
Transcribing agency ddc
Modifying agency ddc
Language of cataloging eng
043 ## - GEOGRAPHIC AREA CODE
Geographic area code nwjm---
050 00 - LIBRARY OF CONGRESS CALL NUMBER
Classification number F1887.M2
Item number M26 1997
082 00 - DEWEY DECIMAL CLASSIFICATION NUMBER
Classification number 972.07292
Edition number 21
245 00 - TITLE STATEMENT
Title Manley, farewell :
Remainder of title a scrapbook /
Statement of responsibility, etc. by Michael S. Archer [compiler].
260 ## - PUBLICATION, DISTRIBUTION, ETC. (IMPRINT)
Place of publication, distribution, etc. Kingston, Jamaica :
Name of publisher, distributor, etc. Mowtown Limited,
Date of publication, distribution, etc. c1997.
300 ## - PHYSICAL DESCRIPTION
Extent 1 v. (unpaged) :
Other physical details ill. (some col.) ;
Dimensions 36 cm.
600 10 - SUBJECT ADDED ENTRY--PERSONAL NAME
Personal name Manley, Michael,
Dates associated with a name 1924-1997
General subdivision Death and burial.
651 #0 - SUBJECT ADDED ENTRY--GEOGRAPHIC NAME
Geographic name Jamaica
General subdivision History
Chronological subdivision 1962-
General subdivision Sources.
700 1# - ADDED ENTRY--PERSONAL NAME
Personal name Archer, Michael S.
906 ## - LOCAL DATA ELEMENT F, LDF (RLIN)
a 7
b cbc
c orignew
d 3
e ncip
f 19
g y-gencatlg
942 ## - ADDED ENTRY ELEMENTS (KOHA)
Source of classification or shelving scheme Dewey Decimal Classification
Koha item type RBC Books
Holdings
Withdrawn status Lost status Source of classification or shelving scheme Damaged status Not for loan Home library Current library Date acquired Total Checkouts Full call number Barcode Date last seen Price effective from Koha item type
    Dewey Decimal Classification   Not For Loan Wesley Powell Learning Resource Centre Wesley Powell Learning Resource Centre 07/14/2017   R/WIC/972.07292 ARC 30108 07/14/2017 07/14/2017 RBC Books
    Dewey Decimal Classification   Not For Loan Wesley Powell Learning Resource Centre Wesley Powell Learning Resource Centre 07/14/2017   R/WIC/972.07292 ARC(43061) 43061 07/14/2017 07/14/2017 RBC Books
    Dewey Decimal Classification     Wesley Powell Learning Resource Centre Wesley Powell Learning Resource Centre 07/14/2017   R/WIC/972.07292 ARC(28658) 28658 07/14/2017 07/14/2017 RBC Books